000 00832nam a22002297a 4500
005 20170124110103.0
010 _aA-294500
020 _c00.00
035 _aA-294500
037 _bCen Lib/Ret
040 _aDPL
_bEN
082 _a954.0841
_bKHI
100 _aKhilnani, Niranjan M.
_927645
245 _aIndia's road to independence, 1857 to 1947 :
_cby Niranjan M. Khilnani
_bpanorama of India's struggle for freedom /
260 _aNew Delhi
_bSterling Publishers
_c1987
270 _bNew Delhi
_aL-10, Green Park Extension
_e110016
300 _aviii,150p.
_c22cm(Hb)
500 _aIncludes bibliographical references and index
650 _aIndia -- Politics and government -- 1857-1919
_926494
650 _aIndia -- Politics and government -- 1919-1947
_974272
942 _2ddc
_cEN
_h954.0841
_mKHI
999 _c129871
_d129871